| 000 | 007150000a22002170004500 | ||
|---|---|---|---|
| 001 | 27241 | ||
| 010 | _a978-972-23-3687-1 | ||
| 090 | _a27241 | ||
| 100 | _a20080509d2007 m y0pory5003 ba | ||
| 101 | 0 |
_apor _ceng |
|
| 102 | _aPT | ||
| 200 | 1 |
_aAs regras da vida _epara ser uma pessoa mais feliz, mais tranquila e mais realizada _fRichard Templar _gtrad. de Ana Saldanha |
|
| 210 |
_aLisboa _cPresença _d2007 |
||
| 215 | _a238, [1] p | ||
| 225 | 2 |
_aOrientações _v37 |
|
| 304 | _aTít. orig. : The rules of life. | ||
| 675 |
_a171 _vBN _zpor |
||
| 700 | 1 |
_aTemplar _bRichard |
|
| 702 | 1 |
_940653 _aSaldanha _bAna _f1959- _4730 |
|
| 942 |
_cMON _n0 |
||
| 999 |
_a27241 _bBibliobase - BMTAV _c2019-01-21 |
||